[Event "COL-ch sf"]
[Site "Medellin"]
[Date "2020.11.15"]
[Round "7"]
[White "Castano, Saray"]
[Black "Ramos Ariza, Juan Manuel"]
[Result "0-1"]
[WhiteElo "1566"]
[BlackElo "1980"]
[PlyCount "76"]
[EventDate "2020.11.12"]
[EventType "swiss"]
[EventRounds "8"]
[EventCountry "COL"]
[SourceTitle "CBM 199 Extra"]
[Source "ChessBase"]
[SourceDate "2021.01.31"]
[SourceVersion "1"]
[SourceVersionDate "2021.01.31"]
[SourceQuality "1"]

1. c4 Nf6 2. Nc3 e6 3. d4 Bb4 4. Bd2 d5 5. e3 0-0 6. a3 Be7 7. c5 Nbd7 8. Nf3 Re8 9. Be2 c6 10. b4 Bf8 11. a4 e5 12. 0-0 e4 13. Ne1 h5 14. b5 h4 15. bxc6 bxc6 16. a5 Nh7 17. a6 f5 18. Qa4 Re6 19. Nc2 Rg6 20. Nb4 Qg5 21. g3 Qf6 22. Nbxd5 cxd5 23. Nxd5 Qg5 24. Rab1 Rb8 25. Rxb8 Nxb8 26. Nf4 Bxa6 27. Qb3+ Kh8 28. Qxb8 Bxe2 29. Nxe2 Qg4 30. Nf4 Rh6 31. d5 Kg8 32. d6 Ng5 33. Qb3+ Kh7 34. f3 Nxf3+ 35. Rxf3 Qxf3 36. Be1 hxg3 37. Bxg3 Bxd6 38. cxd6 Rxd6 0-1

[Event "COL-ch sf"]
[Site "Medellin"]
[Date "2020.11.13"]
[Round "2"]
[White "Ramos Ariza, Juan Manuel"]
[Black "Castrillon Gomez, Melissa"]
[Result "1-0"]
[WhiteElo "1980"]
[BlackElo "2211"]
[PlyCount "84"]
[EventDate "2020.11.12"]
[EventType "swiss"]
[EventRounds "8"]
[EventCountry "COL"]
[SourceTitle "CBM 199 Extra"]
[Source "ChessBase"]
[SourceDate "2021.01.31"]
[SourceVersion "1"]
[SourceVersionDate "2021.01.31"]
[SourceQuality "1"]

1. e4 c5 2. Nf3 Nc6 3. Bb5 g6 4. 0-0 Bg7 5. c3 Nf6 6. Re1 0-0 7. d4 cxd4 8. cxd4 d5 9. e5 Ne4 10. Nc3 Nxc3 11. bxc3 Qc7 12. Bg5 Na5 13. Rc1 a6 14. Bd3 Re8 15. Nd2 b5 16. h4 Be6 17. h5 Qd7 18. hxg6 fxg6 19. Qf3 Rf8 20. Qg3 Rac8 21. Qh4 Rc7 22. f3 Bf5 23. Be2 Rf7 24. g4 Be6 25. Kg2 Qc8 26. Nb1 Bf8 27. Rh1 Rc6 28. Bd3 Bd7 29. Rce1 Rg7 30. Bf6 exf6 31. exf6 Rxf6 32. Qxf6 Bxg4 33. Re3 Rf7 34. Qe5 Bh5 35. Qxd5 Nc4 36. Bxc4 bxc4 37. Rh3 Qb8 38. Nd2 Qb2 39. Re2 Bh6 40. Qxc4 Bxd2 41. Qd3 Qxc3 42. Rxd2 Qa5 1-0

[Event "COL-ch sf"]
[Site "Medellin"]
[Date "2020.11.12"]
[Round "1"]
[White "Diaz Gonzalez, Ana Sofia"]
[Black "Ramos Ariza, Juan Manuel"]
[Result "0-1"]
[WhiteElo "1359"]
[BlackElo "1980"]
[PlyCount "108"]
[EventDate "2020.11.12"]
[EventType "swiss"]
[EventRounds "8"]
[EventCountry "COL"]
[SourceTitle "CBM 199 Extra"]
[Source "ChessBase"]
[SourceDate "2021.01.31"]
[SourceVersion "1"]
[SourceVersionDate "2021.01.31"]
[SourceQuality "1"]

1. e4 c5 2. Nf3 d6 3. Bb5+ Nd7 4. 0-0 a6 5. Bxd7+ Bxd7 6. h3 e6 7. c3 Bc6 8. Re1 Ne7 9. d4 Ng6 10. d5 Bd7 11. Na3 e5 12. Nc4 b5 13. Ne3 Nf4 14. Nf1 g5 15. Kh1 h5 16. Ng1 Qf6 17. Nh2 c4 18. g4 Nd3 19. Qf3 Qxf3+ 20. Ngxf3 hxg4 21. hxg4 Nxe1 22. Nxe1 Bxg4 23. Bxg5 Be7 24. Bxe7 Kxe7 25. Kg2 Bh3+ 26. Kf3 Rag8 27. Rb1 Rg1 28. Ke2 Bg2 29. Ng4 Bxe4 30. Rd1 Rxg4 31. f3 Bd3+ 32. Nxd3 cxd3+ 33. Kxd3 Rh3 34. Ke2 Rg2+ 35. Ke3 f5 36. Rb1 f4+ 37. Ke4 Re2+ 38. Kd3 Re3+ 39. Kc2 Rhxf3 40. Kb3 Rf2 41. Kb4 Re4+ 42. Ka5 f3 43. Kxa6 Ra4+ 44. Kxb5 Rxa2 45. b4 e4 46. Kc4 e3 47. b5 e2 48. Rh1 Rf1 49. Rh7+ Kf6 50. Rh6+ Kg5 51. Rxd6 e1Q 52. b6 Ra5 53. b7 Qe4+ 54. Kb3 Rb1# 0-1

[Event "COL-chT rapid Online"]
[Site "Chess.com INT"]
[Date "2020.09.20"]
[Round "4.1"]
[White "Ramos Ariza, Juan Manuel"]
[Black "Vittorino, Carlo Giovanni"]
[Result "0-1"]
[WhiteElo "1958"]
[BlackElo "2247"]
[PlyCount "76"]
[EventDate "2020.09.19"]
[EventType "team-tourn (rapid)"]
[EventRounds "5"]
[EventCountry "COL"]
[SourceTitle "CBM 198 Extra"]
[Source "ChessBase"]
[SourceDate "2020.11.30"]
[SourceVersion "1"]
[SourceVersionDate "2020.11.30"]
[SourceQuality "1"]
[WhiteTeam "Antioquia III"]
[BlackTeam "Antioquia II"]
[WhiteTeamCountry "COL"]
[BlackTeamCountry "COL"]

1. e4 c5 2. Nf3 d6 3. d4 cxd4 4. Nxd4 Nf6 5. Nc3 g6 6. Be3 Bg7 7. f3 Nc6 8. Qd2 0-0 9. g4 Be6 10. h4 Nxd4 11. Bxd4 Qa5 12. Be2 Rfc8 13. h5 Rab8 14. hxg6 hxg6 15. 0-0 b5 16. Kg2 b4 17. Nd1 Nxe4 18. fxe4 Bxd4 19. Qxd4 Rxc2 20. Rh1 Qe5 21. Qxe5 dxe5 22. Kf1 Rd8 23. Rh3 Rdd2 24. Re3 Rxe2 25. Rxe2 Bc4 26. Ne3 Bxe2+ 27. Ke1 Rxb2 28. g5 Bd3 29. Nd5 Bxe4 30. Nxe7+ Kf8 31. Nc8 a5 32. Nd6 Rb1+ 33. Rxb1 Bxb1 34. Nc4 a4 35. Nxe5 Bxa2 36. Kd2 Bd5 37. Nd7+ Ke7 38. Nb6 Bb3 0-1

[Event "Medellin Aristizabal Cup"]
[Site "Medellin"]
[Date "2020.01.31"]
[Round "3"]
[White "Gil Jaramillo, Miguel Angel"]
[Black "Ramos Ariza, Juan Manuel"]
[Result "0-1"]
[WhiteElo "1154"]
[BlackElo "1985"]
[PlyCount "72"]
[EventDate "2020.01.29"]
[EventType "swiss"]
[EventRounds "7"]
[EventCountry "COL"]
[SourceTitle "CBM 194 Extra"]
[Source "ChessBase"]
[SourceDate "2020.03.31"]
[SourceVersion "1"]
[SourceVersionDate "2020.03.31"]
[SourceQuality "1"]

1. e4 c5 2. Bc4 Nc6 3. Nc3 e6 4. f4 a6 5. Nf3 b5 6. Be2 d5 7. e5 b4 8. Na4 Qa5 9. b3 Nge7 10. d3 Nf5 11. 0-0 Bb7 12. Qe1 Ncd4 13. Bd1 h5 14. Nh4 Be7 15. Nxf5 Nxf5 16. Bf3 Nd4 17. Qf2 Nxf3+ 18. Qxf3 Qb5 19. c4 dxc4 20. dxc4 Qd7 21. Nb6 Bxf3 22. Nxd7 Bc6 23. Nb6 Rd8 24. Be3 Rd3 25. Bf2 Rh6 26. Rfd1 Rc3 27. Rac1 Rg6 28. g3 Rf3 29. Rc2 h4 30. Rcd2 hxg3 31. Bxg3 Rxf4 32. Nd7 Rd4 33. Nb8 Bf3 34. Rxd4 cxd4 35. Rxd4 Bc5 36. Kf2 Bb7 0-1

[Event "Medellin Aristizabal Cup"]
[Site "Medellin"]
[Date "2020.01.30"]
[Round "2"]
[White "Ramos Ariza, Juan Manuel"]
[Black "Gomez Rondon, Samuel"]
[Result "1/2-1/2"]
[WhiteElo "1985"]
[BlackElo "1775"]
[PlyCount "114"]
[EventDate "2020.01.29"]
[EventType "swiss"]
[EventRounds "7"]
[EventCountry "COL"]
[SourceTitle "CBM 194 Extra"]
[Source "ChessBase"]
[SourceDate "2020.03.31"]
[SourceVersion "1"]
[SourceVersionDate "2020.03.31"]
[SourceQuality "1"]

1. e4 c5 2. Nf3 Nc6 3. Bb5 g6 4. 0-0 Bg7 5. Bxc6 bxc6 6. d3 d6 7. c3 Nf6 8. Qa4 Qc7 9. Re1 e5 10. d4 cxd4 11. cxd4 0-0 12. dxe5 dxe5 13. b3 Be6 14. Bb2 Nd7 15. Ng5 Nc5 16. Nxe6 Nxe6 17. Rc1 Rfd8 18. Nc3 Nf4 19. Rc2 Rd6 20. g3 Nd3 21. Nd5 Rxd5 22. exd5 Nxb2 23. Qxc6 Qxc6 24. dxc6 e4 25. Rb1 Nd3 26. b4 Bd4 27. Kf1 f5 28. a4 Rb8 29. b5 Bb6 30. Ra2 Ba5 31. Ke2 Kf7 32. f3 Nb4 33. Rab2 Nd5 34. Rc1 Nc3+ 35. Kf1 exf3 36. Rb3 Ne4 37. Rd3 Ke6 38. Rd7 Nd2+ 39. Kf2 Bb6+ 40. Ke1 Ne4 41. Rc2 Rc8 42. Rxh7 Ba5+ 43. Kf1 Nd2+ 44. Rxd2 Bxd2 45. Rxa7 Be3 46. Rd7 Bb6 47. Rb7 Be3 48. c7 Kd6 49. b6 Rh8 50. Rb8 Rxh2 51. Rd8+ Ke5 52. Re8+ Kd4 53. Rd8+ Ke4 54. Re8+ Kd3 55. Rd8+ Ke4 56. Re8+ Kd4 57. Rd8+ Ke4 1/2-1/2

[Event "Medellin Raza op 9th"]
[Site "Medellin"]
[Date "2019.10.14"]
[Round "7"]
[White "Pinzon, Jairo David"]
[Black "Ramos Ariza, Juan Manuel"]
[Result "1-0"]
[WhiteElo "2174"]
[BlackElo "1981"]
[PlyCount "79"]
[EventDate "2019.10.11"]
[EventType "swiss"]
[EventRounds "8"]
[EventCountry "COL"]
[SourceTitle "CBM 192 Extra"]
[Source "Chessbase"]
[SourceDate "2019.11.06"]
[SourceVersion "1"]
[SourceVersionDate "2019.11.06"]
[SourceQuality "1"]

1. e4 c5 2. Nf3 d6 3. d4 cxd4 4. Qxd4 e5 5. Bb5+ Nc6 6. Qd3 a6 7. Ba4 Nf6 8. Bg5 h6 9. Bxf6 Qxf6 10. Nc3 Be6 11. Nd5 Qd8 12. 0-0 Rc8 13. c3 b5 14. Bb3 Na5 15. Rfd1 Nc4 16. Bxc4 bxc4 17. Qc2 Qa5 18. b4 Qb5 19. a4 Qb7 20. Ra2 f5 21. Nh4 f4 22. Ng6 Rg8 23. f3 Kf7 24. Nxf8 Rgxf8 25. Qf2 g5 26. Rad2 Rfd8 27. g3 Rb8 28. gxf4 gxf4 29. Kh1 Rg8 30. a5 Qc6 31. Qh4 Bxd5 32. Qh5+ Rg6 33. Rxd5 Kg7 34. Qxg6+ Kxg6 35. Rxd6+ Qxd6 36. Rxd6+ Kh5 37. Rxa6 Rd8 38. Re6 Rd3 39. a6 Rxc3 40. a7 1-0

[Event "Medellin Aristizabal Cup"]
[Site "Medellin"]
[Date "2019.01.24"]
[Round "2"]
[White "Ramos Ariza, Juan Manuel"]
[Black "Norena Yepez, Vanessa"]
[Result "0-1"]
[WhiteElo "2049"]
[BlackElo "1785"]
[PlyCount "35"]
[EventDate "2019.01.24"]
[EventType "swiss"]
[EventRounds "7"]
[EventCountry "COL"]
[SourceTitle "EXT 2020"]
[Source "ChessBase"]
[SourceDate "2019.10.17"]
[SourceVersion "1"]
[SourceVersionDate "2019.10.17"]
[SourceQuality "1"]

1. e4 c5 2. Nf3 g6 3. c4 Bg7 4. d4 cxd4 5. Nxd4 Nc6 6. Be3 Qb6 7. Nb5 Qa5+ 8. N1c3 Nf6 9. Qd2 a6 10. Nd4 Ng4 11. Nxc6 bxc6 12. Bd4 Bh6 13. Qd1 e5 14. b4 Qxb4 15. Rb1 Qa5 16. Be2 exd4 17. 0-0 dxc3 18. Bxg4 0-1